Created or constructed? : the great gender debate / Elaine Storkey (Registro nro. 44303)
[ vista simple ]
| 000 -LÍDER | |
|---|---|
| Campo fijo de descripción fija | 017320000a22002170004500 |
| 001 - NÚMERO DE CONTROL | |
| Campo de control | 17653 |
| 020 ## - NÚMERO INTERNACIONAL NORMALIZADO PARA LIBROS | |
| Número Internacional Normalizado del libro | 0-85364-983-9 |
| 041 0# - CÓDIGO DE IDIOMA | |
| Código de idioma para texto/pista de sonido o título separado | |
| 082 04 - NÚMERO DE CLASIFICACIÓN DECIMAL DEWEY | |
| Número de clasificación | G 305.309 S8852c |
| 100 1# - ASIENTO PRINCIPAL--NOMBRE PERSONAL | |
| Nombre personal | Storkey, Elaine |
| 245 10 - TÍTULO | |
| Título del Material | Created or constructed? : the great gender debate / Elaine Storkey |
| 260 ## - PUBLICACIÓN, DISTRIBUCIÓN, ETC. (PIE DE IMPRENTA) | |
| Lugar de publicación, distribución, etc. | Carlisle, Calif. : Paternoster Press. |
| 300 ## - DESCRIPCIÓN FÍSICA | |
| Extensión | 129 p. |
| 336 ## - CONTENT TYPE | |
| Content type term | texto |
| Content type code | txt |
| Source | rdacontent |
| 337 ## - MEDIA TYPE | |
| Source | rdamedia |
| Media type term | sin mediación |
| Media type code | n |
| 338 ## - CARRIER TYPE | |
| Source | rdacarrier |
| Carrier type term | volumen |
| Carrier type code | nc |
| 505 00 - NOTA DE CONTENIDO | |
| Nota de contenido con formato preestablecido | Preface/Prefacio.-- Acknowledgements.--I. History lessons /Lecciones de historia -- II. The pre-modern in sex and gender / Lo pre-moderno en relación con el sexo y el género -- III. Modernism and gender relationships / El modernismo y las relaciones de género -- IV The postmidern experience / La experiencia posmoderna -- V. Gender and "difference" in popular writings / El género y la "diferencia" en obras populares -- VI. From social science to theology / De la ciencias sociales a la teología -- VII. Sex and gender in theology. From pre- to postmodernity / Sexo y género en la teología, de pre- a posmodernismo -- VIII. Post-postmodern postscript / Posterior Posmoderno epílogo.-- Further reading/ Lecturas complementarias.-- Author and subject indexes./ Indices de autor y materia.-- |
| 650 14 - ASIENTO SECUNDARIO DE MATERIA - TERMINO TEMÁTICO | |
| Término temático o nombre geográfico como elemento de entrada | MUJERES - CUESTIONES SOCIALES Y MORALES PAPELES SEXUALES - HISTORIA\ PAPELES SEXUALES-ASPECTOS RELIGIOSOS\ DIFERENCIAS ENTRE LOS SEXOS(SICOLOGIA)-HISTORIA |
| 942 ## - TIPO DE MATERIAL (KOHA) | |
| Tipo de Item KOHA | Libros General |
| Estado de Material | Estado de Perdido | Estado de Dañado | No para Préstamo | Colección | Tomo | Biblioteca de Origen | Biblioteca Permanente | Fecha de Adquisición | Total de Préstamos | Signatura Topográfica | Código de Barras | Última vez visto | Ejemplar/Existencia | Fecha de Remplazo | Tipo de Material |
|---|---|---|---|---|---|---|---|---|---|---|---|---|---|---|---|
| Colección General | Biblioteca FUSBC | Biblioteca FUSBC | 02/08/2012 | G 305.309 S8852c | 17624 | 12/12/2019 | 1 | 26/01/2016 | Libros General |
